[Event "Mallorca TT Cup"]
[Site "Mallorca"]
[Date "2019.04.24"]
[Round "4.4"]
[White "Marquez Vargas, Angel Alberto"]
[Black "Juan Lepp, Jaime Boris"]
[Result "0-1"]
[WhiteElo "1621"]
[BlackElo "1658"]
[PlyCount "84"]
[EventDate "2019.04.22"]
[EventType "team-swiss"]
[EventRounds "4"]
[EventCountry "ESP"]
[SourceTitle "EXT 2024"]
[Source "ChessBase"]
[SourceDate "2023.10.10"]
[SourceVersion "1"]
[SourceVersionDate "2023.10.10"]
[SourceQuality "1"]
[WhiteTeam "Mallorca Isolani"]
[BlackTeam "Vuit Peons"]
[WhiteTeamCountry "ESP"]
[BlackTeamCountry "ESP"]

1. e4 g6 2. Nf3 Bg7 3. c3 d6 4. d4 e6 5. Bc4 a6 6. 0-0 b5 7. Bb3 Bb7 8. d5 e5 9. h3 Ne7 10. a4 bxa4 11. Bxa4+ Nd7 12. Be3 0-0 13. Qd2 Nf6 14. Bc2 Nc8 15. c4 Nb6 16. b3 Qe7 17. Qc3 Nfd7 18. b4 c6 19. Nbd2 cxd5 20. exd5 Rac8 21. Qb3 h6 22. Ne4 Nxc4 23. Nc3 Nxe3 24. fxe3 Rc7 25. Rac1 Rfc8 26. Bb1 Nb6 27. e4 Rf8 28. Na4 Nxa4 29. Qxa4 f5 30. Qa5 Rd7 31. b5 axb5 32. Qxb5 fxe4 33. Bxe4 g5 34. Nh2 Rf4 35. Rxf4 gxf4 36. Nf3 Rd8 37. Qb6 Rc8 38. Rxc8+ Bxc8 39. Qb8 Qf8 40. Nh4 Bd7 41. Bh7+ Kxh7 42. Qxf8 Bxf8 0-1

[Event "Mallorca-ch Amateur"]
[Site "Mallorca"]
[Date "2019.04.20"]
[Round "3.3"]
[White "Baldo Company, Jordi"]
[Black "Marquez Vargas, Angel Alberto"]
[Result "0-1"]
[WhiteElo "1700"]
[BlackElo "1621"]
[PlyCount "44"]
[EventDate "2019.04.19"]
[EventType "swiss"]
[EventRounds "6"]
[EventCountry "ESP"]
[SourceTitle "EXT 2024"]
[Source "ChessBase"]
[SourceDate "2023.10.10"]
[SourceVersion "1"]
[SourceVersionDate "2023.10.10"]
[SourceQuality "1"]

1. d4 d5 2. c4 e6 3. Nf3 f5 4. e3 c6 5. Nc3 Bd6 6. Be2 Nf6 7. Ne5 Nbd7 8. cxd5 exd5 9. f4 0-0 10. Qc2 Ne4 11. Nxe4 fxe4 12. Bd2 Nxe5 13. dxe5 Bc7 14. 0-0-0 Be6 15. h3 Bb6 16. g4 d4 17. Bc4 Bxc4 18. Qxc4+ Qd5 19. Qxd5+ cxd5 20. exd4 Bxd4 21. Rdf1 e3 22. Bc3 Rac8 0-1

[Event "Mallorca-ch Amateur"]
[Site "Mallorca"]
[Date "2019.04.20"]
[Round "4.1"]
[White "Marquez Vargas, Angel Alberto"]
[Black "Gaitan Moyano, Juan Jose"]
[Result "0-1"]
[WhiteElo "1621"]
[BlackElo "1973"]
[PlyCount "46"]
[EventDate "2019.04.19"]
[EventType "swiss"]
[EventRounds "6"]
[EventCountry "ESP"]
[SourceTitle "EXT 2024"]
[Source "ChessBase"]
[SourceDate "2023.10.10"]
[SourceVersion "1"]
[SourceVersionDate "2023.10.10"]
[SourceQuality "1"]

1. e4 c5 2. Nf3 d6 3. Bc4 e6 4. 0-0 Nf6 5. Re1 Be7 6. d3 0-0 7. a3 Nc6 8. c3 d5 9. exd5 exd5 10. Ba2 Bg4 11. Bg5 h6 12. Bxf6 Bxf6 13. Qb3 d4 14. Qxb7 Qd6 15. Nfd2 Rab8 16. Qa6 Bf5 17. f3 dxc3 18. Nxc3 Bxd3 19. Bc4 Rb3 20. Qa4 Rxb2 21. Nde4 Qd4+ 22. Kh1 Qxc4 23. Qxc4 Bxc4 0-1

[Event "Mallorca-ch Tercera"]
[Site "Palma"]
[Date "2017.12.17"]
[Round "8.1"]
[White "Payeras Vilella, Pedro"]
[Black "Marquez Vargas, Angel Alberto"]
[Result "1/2-1/2"]
[WhiteElo "1412"]
[BlackElo "1539"]
[PlyCount "31"]
[EventDate "2017.12.02"]
[EventType "swiss"]
[EventRounds "8"]
[EventCountry "ESP"]
[SourceTitle "EXT 2024"]
[Source "ChessBase"]
[SourceDate "2023.10.10"]
[SourceVersion "1"]
[SourceVersionDate "2023.10.10"]
[SourceQuality "1"]

1. e4 e5 2. Nf3 Nc6 3. Bc4 Bc5 4. Nc3 Nf6 5. d3 d6 6. h3 Be6 7. Bxe6 fxe6 8. Na4 Bb6 9. Nxb6 axb6 10. 0-0 0-0 11. c3 Qe8 12. Re1 Nh5 13. Ng5 Rf6 14. Qg4 Qg6 15. Nf3 Qxg4 16. hxg4 1/2-1/2

[Event "Mallorca-ch Tercera"]
[Site "Palma"]
[Date "2017.12.02"]
[Round "1.5"]
[White "Marquez Vargas, Angel Alberto"]
[Black "Tomas Viver, Marta"]
[Result "1-0"]
[WhiteElo "1539"]
[BlackElo "1134"]
[PlyCount "74"]
[EventDate "2017.12.02"]
[EventType "swiss"]
[EventRounds "8"]
[EventCountry "ESP"]
[SourceTitle "EXT 2024"]
[Source "ChessBase"]
[SourceDate "2023.10.10"]
[SourceVersion "1"]
[SourceVersionDate "2023.10.10"]
[SourceQuality "1"]

1. e4 e6 2. Nf3 d5 3. exd5 exd5 4. d4 c5 5. c3 c4 6. b3 b5 7. g3 Nf6 8. Bg5 Be7 9. Bxf6 Bxf6 10. Bg2 0-0 11. 0-0 Re8 12. Qc2 Nc6 13. Nbd2 b4 14. bxc4 dxc4 15. Rfe1 Be6 16. Ne5 Bd5 17. Nxc6 Qd6 18. Bxd5 Qxd5 19. Nxb4 Qb7 20. Qa4 Re7 21. Rxe7 Bxe7 22. Qc6 Rb8 23. Qxb7 Rxb7 24. Re1 Kf8 25. Nc6 Ba3 26. Nxc4 Bb2 27. Nd6 g6 28. Nxb7 Bxc3 29. d5 Bxe1 30. Nxa7 Ke8 31. Nb5 Kd7 32. a4 Kc8 33. N7d6+ Kd7 34. Nxf7 Ke7 35. Ne5 Kd8 36. Nc6+ Kd7 37. a5 Kc8 1-0